| 000 | 00473nab a2200145Ia 4500 | ||
|---|---|---|---|
| 003 | ES-SlBCS | ||
| 005 | 20210601135704.0 | ||
| 008 | 140529s1996 xxu||||| |||| 00| 0 spa d | ||
| 041 | _aspa | ||
| 100 | 1 |
_aZjabllicev, Georgij _9235385 |
|
| 245 | 0 | 0 |
_aEl problema ecuménico en la Iglesia ortodoxa rusa en relación con el sínodo de 1994 _c Georgij Zjabllicev |
| 650 | 0 | 4 |
_aEcumenismo Ruso _9235386 |
| 773 | 0 |
_tConcilium _gnº. 268, 1996, págs. 131-141 _wRev134 |
|
| 942 | _cAR | ||
| 999 |
_c632299 _d632299 |
||